00981nam a22002057a 4500003000500000005001700005008004100022020002900063040002800092041001400120082001100134100001600145245003800161260004300199300004200242490005200284520039200336521001300728650003400741322820260127124137.0231130b sa ||||| |||| 00| 0 eng d a9780798176781qPaperback aMPLbEnglishc3228eRDA aAfrikaans aJA HUG aDe Wet Hugo aKamp vir monsters /cHugo, De Wet aKaapstad : bHuman & Rousseau,c 2018. a140 pages : billustrations ;c 20 cm aGrilgrypers ; 3 Hugo, De Wet. Grilgrypers ; 3. aVolgens Clayton se pa en sy nuwe verloofde is hy 'n probleemkind. Hy word na 'n eksklusiewe rehabilitasiekamp vir tieners gestuur, maar dis nie net die streng sekuriteit en geheimsinnige personeel wat aandui iets is nie pluis nie. Clayton is vreesbevange vir die digte bome wat die kamp omring en snags sluip vreemde gediertes in die woud rond. En dan begin van die tieners verdwyn . . . aChildren aChildren's stories, Afrikaans